02383nam a22003254a 4500001000400000003000800004005001700012008004100029020001800070040000800088041001300096082001500109100003300124240001900157245007700176260003600253300001200289500000700301520144100308650002901749650001701778650001701795650001501812655001601827655001901843700003501862942001501897952013201912999001302044494BR-RjBN20260129100230.0121113s2011 spb g 000 f por  a9788580410266 bpor1 aporheng04a813bH835m aHouck, Colleen,d1969-9106600aTiger's curse.12aA maldição do tigre /cColleen Houck ; [tradução: Raquel Zampil] aSão Paulo :bArqueiro,c2011. a344p. ; a  aKelsey Hayes perdeu os pais recentemente e precisa arranjar um emprego para custear a faculdade. Contratada por um circo, ela é arrebatada pela principal atração: um lindo tigre branco. Kelsey sente uma forte conexão com o misterioso animal de olhos azuis e, tocada por sua solidão, passa a maior parte do seu tempo livre ao lado dele. O que a jovem órfã ainda não sabe é que seu tigre Ren é na verdade Alagan Dhiren Rajaram, um príncipe indiano que foi amaldiçoado por um mago há mais de 300 anos, e que ela pode ser a única pessoa capaz de ajudá-lo a quebrar esse feitiço. Determinada a devolver a Ren sua humanidade, Kelsey embarca em uma perigosa jornada pela Índia, onde enfrenta forças sombrias, criaturas imortais e mundos místicos, tentando decifrar uma antiga profecia. Ao mesmo tempo, se apaixona perdidamente tanto pelo tigre quanto pelo homem. A maldição do tigre é o primeiro volume de uma saga fantástica e épica, que apresenta mitos hindus, lugares exóticos e personagens sedutores. Lançado originalmente como e-book, o livro de estreia de Colleen Houck ficou sete semanas no primeiro lugar da lista de mais vendidos da Amazon, entrando depois na do The New York Times. "Um romance delicado e uma aventura capaz de deixar o coração a mil por hora. Eu vibrei e roí as unhas. A maldição do tigre é mágico!" (Becca Fitzpatrick, autora da série Sussurro) 00aLiteratura Americana98400aAventura94700aFantasia94500aMagia9785 aRomance923 aFicção922 aZampil, RaqueleTRADUTORA9898 2ddcn0cBK 00102ddc40708FICaBIBIBbBIBIBcLEd2026-01-29edoaçãol0o813 / H835mp2026-17428r2026-01-29 07:43:27w2026-01-29yBK c494d494